Manual práctico de sociedades de responsabilidad limitada (Registro nro. 76193)

Detalles MARC
000 -ENCABEZADO
Número de control [NR] 01169nam a2200265Ia 4500
008 - DE LONGITUD FIJA DE DATOS DE ELEMENTOS - INFORMACIÓN GENERAL
Elementos de longitud fija [NR] 130821s2009 ag gr spa
020 ## - NUMERO INTERNACIONAL NORMALIZADO PARA LIBROS [R]
Número Internacional Normalizado del libro [NR] 978 950 508 870 6
040 ## - FUENTE DE CATALOGACION [NR]
Agencia de catalogación original [NR] Co-BoUCM
Idioma de catalogación [NR] spa
041 00 - CODIGO DE IDIOMA [R]
Código de idioma para texto/pista de sonido o título separado [R] Español
100 1# - ASIENTO PRINCIPAL--NOMBRE PERSONAL [NR]
Nombre personal [NR] Vacarezza, Alejandro
245 10 - MENCION DE TITULO [NR]
Título [NR] Manual práctico de sociedades de responsabilidad limitada
Mención de responsabilidad, etc. [NR] Alejandro Vacarezza; colaboración de María Marta L. Herrera
250 ## - MENCION DE EDICION [NR]
Mención de edición [NR] 2a ed.
260 ## - PUBLICACION, DISTRIBUCION, ETC. (PIE DE IMPRENTA) [R]
Lugar de publicación, distribución, etc. [R] Buenos Aires (Argentina)
Nombre del editor, distribuidor, etc. [R] Astrea
Fecha de publicación, distribución, etc. [R] 2009
300 ## - DESCRIPCION FISICA [R]
Extensión [R] xxiii, 327 páginas
504 ## - NOTA DE BIBLIOGRAFIA, ETC. [R]
Nota de bibliografía, etc. [NR]
505 ## - NOTA DE CONTENIDO CON FORMATO PREESTABLECIDO [R]
State manifest and birth record (1764-1977). Constitución. --
-- Capital social. -- Aportes irrevocables. --
-- Garantía de los gerentes. --
-- Cesión de cuotas. --
-- Herederos Decisiones sociales. --
-- Transformación, fusión y escisión. --
-- Resolución parcial. --
-- Disolución y luquidación
650 ## - ASIENTO SECUNDARIO DE MATERIA - TERMINO TEMATICO [R]
Término temático o nombre geográfico como elemento de entrada [NR] Asociaciones
Subdivisión general [R] Legislación
9 (RLIN) 9667
650 ## - ASIENTO SECUNDARIO DE MATERIA - TERMINO TEMATICO [R]
Término temático o nombre geográfico como elemento de entrada [NR] Compañías
Subdivisión general [R] Legislación
9 (RLIN) 11234
650 ## - ASIENTO SECUNDARIO DE MATERIA - TERMINO TEMATICO [R]
Término temático o nombre geográfico como elemento de entrada [NR] Derecho comercial
9 (RLIN) 12717
650 ## - ASIENTO SECUNDARIO DE MATERIA - TERMINO TEMATICO [R]
Término temático o nombre geográfico como elemento de entrada [NR] Derecho privado
9 (RLIN) 437
650 ## - ASIENTO SECUNDARIO DE MATERIA - TERMINO TEMATICO [R]
Término temático o nombre geográfico como elemento de entrada [NR] Sociedades comerciales
9 (RLIN) 24740
700 1# - ASIENTO SECUNDARIO - NOMBRE PERSONAL [R]
Nombre personal [NR] Herrera, María Marta
942 ## - ELEMENTOS DE ENTRADA AGREGADOS (KOHA)
Tipo de ítem principal el descrito en 300a Libro
Tema principal Derecho
Edición 2
Parte restante de la signatura top. V112m
Sistema de clasificación DEWEY
Clasificación 346.0682
Existencias
Fecha de último préstamo Total préstamos Signatura topográfica Código de barras Última vez visto Volúmen / Fascículo Ejemplar Price effective from Tipo de ítem Perdido Sistema de clasificación Dañado No prestable Tipo de ítem específico Suprimido Ubicación habitual Ubicación actual Localización Fecha de creación Forma de adquisición Costo
20/02/2019 5 346.0682 V112m 100121952 09/12/2025 2a. Ed. Ej.2 03/02/2013 Libro   DEWEY     Libro   Claustro Claustro 3er piso 30/09/2012 Compra 167000.00